| 000 | 00369cam a2200157Ia 4500 | ||
|---|---|---|---|
| 020 | _a0394735307 | ||
| 040 | _cWEA | ||
| 041 | 1 | _hjpn | |
| 082 | _a895 KNO 1978 A092 Or. | ||
| 100 | 0 | _aMurasaki Shikibu, | |
| 245 | 1 | 4 | _aThe Tale of Genji / |
| 250 | _a1st paperback ed | ||
| 260 |
_aNew York : _bKnopf, _c1978 |
||
| 300 |
_axix, 1090 p. : _bill. ; _c24 cm |
||
| 942 | _cEK | ||
| 999 |
_c12309 _d12309 |
||